Hlboká úcta k zákonom Hosť Nového slova JUDr. Ján Javorčík, riaditeľ Kádrového a personálneho odboru Generálnej prokuratúry SSR

Bibliographic Details
Main Authors: Javorčík, Ján (Author), Parík, Milan (Author)
Format: Article
Language:Slovak
PhysicalDescription:Obr. 1.
Subjects:

MARC

LEADER 00000nab a2200000 a 4500
001 vtls000285829
003 SK-MaSNL
005 20260304013105.0
008 111201c1987 xo 0 slo
015 |a SNBRB19rr/mm-uuuuu 
035 |a CL0295947 
040 |a SNKBUCL  |b slo  |c SNKBUCL  |e AACR2 
041 0 |a slo 
044 |a xo  |c SK 
080 |a 343.163  |2 1981 
100 1 |a Javorčík, Ján  |4 aut  |9 430026 
245 1 0 |a Hlboká úcta k zákonom  |b Hosť Nového slova JUDr. Ján Javorčík, riaditeľ Kádrového a personálneho odboru Generálnej prokuratúry SSR  |c Ján Javorčík, Milan Parík 
300 |b Obr. 1. 
610 1 7 |a Slovensko.  |b Generálna prokuratúra  |2 snkbucl  |9 32899 
655 7 |a články z novín a časopisov  |2 snkbucl  |9 267496 
700 1 |a Parík, Milan  |4 aut  |9 1293614 
773 0 |t Nové slovo  |g Roč. 29, č. 27 (1987), s. 13 
850 |a Slovenská národná knižnica v Martine  |a MTA001 
852 |a SNK  |b KIS3GCP 
958 |a RK 
992 |a RBX 
999 |c 2574447  |d 2576377